| 000 | 01843cam a22005174i 4500 | ||
|---|---|---|---|
| 003 | PE-LiUPU | ||
| 005 | 20250731173346.0 | ||
| 008 | 150616s r 000 0 d | ||
| 035 | _a(Sirsi) a480 | ||
| 040 |
_aPE-LiUPU _bspa _cPE-LiUPU _erda |
||
| 049 | _aPRUA | ||
| 082 | 0 | 4 |
_a262.7 _bS36 _221 |
| 100 | 1 |
_aSegundo, Juan Luis, _eautor. |
|
| 245 | 1 | 0 |
_aTeología abierta para el adulto 1: esa comunidad llamada iglesia / _cJuan Luis Segundo. |
| 264 | 1 |
_aBuenos Aires : _bEdiciones Carlos Lohlé, _c1968. |
|
| 300 |
_a258 páginas ; _c21 cm |
||
| 336 |
_atext _2rdacontent |
||
| 337 |
_aunmediated _2rdamedia |
||
| 338 |
_avolume _2rdacarrier |
||
| 505 | 0 | _aParticularidad y universalidad de la iglesia -- Esencia de la comunidad eclesial -- Función y necesidad de la iglesia -- Exigencias de la comunidad eclesial -- Interdependencia iglesia-mundo -- Conclusión. | |
| 526 | _aSEG42 | ||
| 526 | _aSEG41 | ||
| 526 | _aSEG40 | ||
| 526 | _aSEG39 | ||
| 526 | _aP94 | ||
| 526 | _aP87 | ||
| 526 | _aP86 | ||
| 526 | _aP85 | ||
| 526 | _aP77 | ||
| 526 | _aP76 | ||
| 526 | _aP35 | ||
| 650 | 0 | 4 | _aEclesiología. |
| 650 | 0 | 4 |
_aTeología Doctrinal. _93091 |
| 650 | 0 | 4 |
_aTeología _xTema Principal. |
| 650 | 0 | 4 |
_aIglesia Católica _xTema Principal. |
| 650 | 0 | 4 | _aCatolicismo. |
| 650 | 0 | 4 | _aCristianismo. |
| 650 | 0 | 4 |
_aReligión. _95128 |
| 910 |
_ajck _bjvq _cjck |
||
| 942 |
_2ddc _cBOOK |
||
| 949 |
_a262.7 S36 _wDEWEY _c1 _i20147 _lCCODEBUL1 _mBUL _p00.00 _r0 _sY _tBOOK _u19820517 _xTEOLOGIA _zUNKNOWN _0COMPRA _o.STAFF. Colección General |
||
| 994 |
_aC0 _bPEPRU |
||
| 596 | _a1 | ||
| 999 |
_a262.7 S36 _wDEWEY _c50203 _i20147 _f2021-11-12 _g5 _lCCODEBUL1 _mBUL _r0 _sY _tBOOK _u2015-6-16 _xTEOLOGIA _zUNKNOWN _0COMPRA _o.STAFF. Colección General _d50203 |
||
| 980 |
_81 _gALBERTO SANCHEZ Responsable de Automatización |
||